000 00589nam a2200169 a 4500
001 000035455
005 20200930074344.0
008 111101s1996 sp 000 0 spa d
020 _a8480881909
040 _aDO-SdBNP
_bspa
_cBNPHU
082 _axxx
_bW746m
100 1 _aWilson, Terry
_961305
245 1 0 _aManual del empowerment :
_bcómo conseguir lo mejor de sus colaboradores /
_cTerry Wilson.
260 _aBarcelona :
_bEdiciones Gestión 2000,
_c1996.
300 _a266 p. ;
_c24 cm.
500 _aEdición original publicada en inglés, por Gowe Publishing Limited, Reino Unido, 1996
999 _c34946
_d34946